Catalog

Record Details

Catalog Search



The eye of heaven  Cover Image Book Book

The eye of heaven / Clive Cussler and Russell Blake.

Cussler, Clive, 1931-2020 (Author). Blake, Russell. (Added Author).

Summary:

Baffin Island: Husband-and-wife team Sam and Remi Fargo are on a climate-control expedition in the Arctic, when to their astonishment they discover a Viking ship in the ice, perfectly preserved -- and filled with pre-Columbian artifacts from Mexico. How can that be? As they plunge into their research, tantalizing clues about a link between the Vikings and the legendary Toltec feathered serpent god Quetzalcoatl -- and a fabled object known as the Eye of Heaven -- begin to emerge. But so do many dangerous people. Soon the Fargos find themselves on the run through jungles, temples, and secret tombs, caught between treasure hunters, crime cartels, and those with a far more personal motivation for stopping them. At the end of the road will be the solution to a thousand-year-old mystery -- or death.

Record details

  • ISBN: 9780399167300
  • ISBN: 0399167307
  • Physical Description: 389 pages ; 24 cm.
  • Publisher: New York : G.P. Putnam's Sons, ©2014
Subject: Archaeologists > Fiction.
Treasure troves > Fiction.
Civilization, Viking > Fiction.
Quetzalcoatl (Aztec deity) > Fiction.
Arctic regions > Discovery and exploration > Fiction.
Suspense fiction.
Adventure stories.

Available copies

  • 1 of 1 copy available at scottsboropl.

Holds

  • 0 current holds with 1 total copy.
Show Only Available Copies
Location Call Number / Copy Notes Barcode Shelving Location Status Due Date
scottsboropl F Cus 32269000974777 Adult - Fiction Available -

LDR 02141caa a2200409 i 4500
001137915
003CONS
00520200427090238.0
008140407s2014 nyu 000 1 eng
010 . ‡a 2014012146
020 . ‡a9780399167300 ‡q(hardback)
020 . ‡a0399167307 ‡q(hardback)
035 . ‡a(CPomAG)LMN568228
043 . ‡ar------
05000. ‡aPS3553.U75 ‡bE94 2014
08200. ‡a813/.54 ‡223
1001 . ‡aCussler, Clive, ‡d1931-2020.
24514. ‡aThe eye of heaven / ‡cClive Cussler and Russell Blake.
264 1. ‡aNew York : ‡bG.P. Putnam's Sons, ‡c©2014
300 . ‡a389 pages ; ‡c24 cm.
336 . ‡atext ‡2rdacontent
337 . ‡aunmediated ‡2rdamedia
338 . ‡avolume ‡2rdacarrier
4901 . ‡aFargo adventures ; ‡v6
520 . ‡aBaffin Island: Husband-and-wife team Sam and Remi Fargo are on a climate-control expedition in the Arctic, when to their astonishment they discover a Viking ship in the ice, perfectly preserved -- and filled with pre-Columbian artifacts from Mexico. How can that be? As they plunge into their research, tantalizing clues about a link between the Vikings and the legendary Toltec feathered serpent god Quetzalcoatl -- and a fabled object known as the Eye of Heaven -- begin to emerge. But so do many dangerous people. Soon the Fargos find themselves on the run through jungles, temples, and secret tombs, caught between treasure hunters, crime cartels, and those with a far more personal motivation for stopping them. At the end of the road will be the solution to a thousand-year-old mystery -- or death.
650 0. ‡aArchaeologists ‡vFiction.
650 0. ‡aTreasure troves ‡vFiction.
650 0. ‡aCivilization, Viking ‡vFiction.
650 0. ‡aQuetzalcoatl (Aztec deity) ‡vFiction.
651 0. ‡aArctic regions ‡xDiscovery and exploration ‡vFiction.
650 0. ‡aSuspense fiction.
650 0. ‡aAdventure stories.
7001 . ‡aBlake, Russell.
8001 . ‡aCussler, Clive. ‡tFargo adventures ; ‡v6.
914 . ‡aSCP_jd ‡dLMN_cm
959 . ‡i32269000974777 ‡lF Cus ‡aAdult - Fiction ‡tFiction ‡g29.00
852 . ‡p32269000974777 ‡jF Cus ‡gAdult - Fiction ‡cFiction ‡y29.00 ‡bSBPL
901 . ‡a137915 ‡bUnknown ‡c137915 ‡tbiblio

Additional Resources